| 000 | 00972nam a2200229Ia 4500 | ||
|---|---|---|---|
| 999 |
_c39980 _d39980 |
||
| 001 | 6586 | ||
| 003 | GE_BSU | ||
| 005 | 20191217125441.0 | ||
| 008 | 181216s2013||||ge |||||||||||||| ||geo|| | ||
| 020 | _a9789994021666 | ||
| 040 | _cGE_BSU | ||
| 041 | _ageo | ||
| 080 | _a511(075.8) წ-87 | ||
| 100 |
_aწულუკიძე, თამაზ _95825 |
||
| 245 |
_aნატურალურ რიცხვთა სამყაროში : _bმათემატიკის რჩეული საკითხები. _cთამაზ წულუკიძე; რედ. ვლადიმერ,ხალვაში. |
||
| 264 |
_aბათუმი : _bაჭარა, _c2013. |
||
| 300 |
_a319 გვ.; _b20 სმ. |
||
| 653 | _aნატურალური რიცხვები | ||
| 653 | _aმათემატიკა | ||
| 700 |
_aხალვაში, ვლადიმერ _eრედაქტორი _95826 |
||
| 942 |
_cBK _2udc |
||